000 00657nam a2200253 a 4500
001 nice12345678
003 IN_TiNIC
005 20260116011832.0
008 050524s1949 laha grp 000 0 urd
020 _a
_c100
082 0 0 _a231.1
_bBAR
100 _aBarkatullah, M A
245 _aAbuwat-E-Ilahi Ka Mafhoom
_b the Meaning of Fatherhood of God
260 _aLahore
_bPunjab Religious Booksociety
_c1949
300 _a56p
500 _aincludes index and biblioraphy
505 2 _aAppendix, bibliography
650 _aTheology
650 _aTheology-God
700 1 _aBarkatullah, M A
902 _bRBA
942 _cBK
999 _c4319
_d4319